Πολιτική και διαχείριση δασικής πυρο-προστασίας στην Ελλάδα : η περίπτωση του Ν. Κορινθίας : πτυχιακή εργασία
Αποθηκεύτηκε σε:
| Κύριος συγγραφέας: | |
|---|---|
| Συγγραφή απο Οργανισμό/Αρχή: | |
| Άλλοι συγγραφείς: | |
| Μορφή: | Thesis Βιβλίο |
| Γλώσσα: | Greek |
| Δημοσίευση: |
2013
|
| Θέματα: | |
| Διαθέσιμο Online: | http://hdl.handle.net/11610/6180 |
| Ετικέτες: |
Προσθήκη ετικέτας
Δεν υπάρχουν, Καταχωρήστε ετικέτα πρώτοι!
|
MARC
| LEADER | 00000cam a2200000 i 4500 | ||
|---|---|---|---|
| 001 | 1/67234 | ||
| 008 | 150217s2013 gre d | ||
| 035 | |l 10121127 | ||
| 040 | |a GR-MY-UA |b gre |e aacr | ||
| 041 | 0 | |a gre | |
| 082 | 0 | |a 363.379 |2 (22) | |
| 100 | 1 | |a Διαμάντη, Άννα. | |
| 245 | 1 | 0 | |a Πολιτική και διαχείριση δασικής πυρο-προστασίας στην Ελλάδα : |b η περίπτωση του Ν. Κορινθίας : πτυχιακή εργασία / |c της Άννας Διαμάντη ; [επιβλέπων καθηγητής: Καλαμποκίδης Κωνσταντίνος] |
| 260 | |c 2013 | ||
| 300 | |a 122 σ.; |b πίν.; |c 30 εκ. | ||
| 502 | |a Πτυχιακή εργασία – Πανεπιστήμιο Αιγαίου, Λέσβος, 2013. | ||
| 504 | |a Βιβλιογραφία: σ. 118-122 | ||
| 650 | 0 | 0 | |a Forest fires |x Prevention and control. |
| 650 | 0 | 0 | |a Fire prevention. |
| 650 | 0 | 0 | |a Dissertations, Academic |z Greece. |
| 650 | 0 | |a Forest fires |z Greece |z Korinthia. | |
| 700 | 1 | |4 ths |a Καλαμποκίδης, Κώστας Δ. | |
| 710 | 2 | |a Πανεπιστήμιο Αιγαίου. |b Σχολή Κοινωνικών Επιστημών. |b Τμήμα Γεωγραφίας. | |
| 852 | |a INST |b LESVOS |c DIATR |e 20150217 |h 837 |p 005100056020 |q 005100056020 |t DIE |y 23 | ||
| 852 | |a INST |b LESVOS |c DIATR |e 20150217 |h 838 |p 005100056019 |q 005100056019 |t DIE |y 23 | ||
| 856 | |u http://hdl.handle.net/11610/6180 | ||
| 901 | |a BIBL1-2015-1 | ||
| 909 | |a Λ |b 192811 | ||
| 909 | |a Λ |b 192812 | ||
| 924 | |a ΔΙΑΜΑΝΤΗ |b ΑΝΝΑ |y ΛΕΣΒΟΣ |z 2014-11 | ||
| 970 | |a ΤΖΑΦΕΡΗ |b ΕΥΑΓΓΕΛΙΑ |z 2015/02/17 | ||